[Event "World Blitz Women 2022"]
[Site "Almaty KAZ"]
[Date "2022.12.29"]
[Round "1.1"]
[White "Lagno, Kateryna"]
[Black "Tokhirjonova, Gulrukhbegim"]
[Result "0-1"]
[WhiteTitle "GM"]
[BlackTitle "WGM"]
[WhiteElo "2563"]
[BlackElo "2328"]
[WhiteFideId "14109336"]
[BlackFideId "14203626"]
[EventDate "2022.12.29"]

1. e4 e5 2. Nf3 Nf6 3. Nxe5 d6 4. Nf3 Nxe4 5. d4 d5 6. Bd3 Be7 7. O-O Bf5 8.
Nbd2 O-O 9. Re1 Nd6 10. Nf1 c6 11. Bf4 Bg6 12. Ne5 Bf6 13. c3 Bxd3 14. Qxd3 Na6
15. Ne3 Nc7 16. N3g4 Bg5 17. Qd2 Bxf4 18. Qxf4 Ne6 19. Qf3 Qg5 20. g3 f5 21. h4
Qe7 22. Nh2 f4 23. Qg4 Rae8 24. Nd3 fxg3 25. fxg3 Ne4 26. Rf1 Qd6 27. Ne5 c5 28.
Rxf8+ Rxf8 29. Rf1 Rxf1+ 30. Nxf1 cxd4 31. cxd4 Nxd4 32. Qc8+ Qf8 33. Qxf8+ Kxf8
34. Ne3 Ne2+ 35. Kg2 d4 36. Kf3 dxe3 37. Kxe2 Nxg3+ 38. Kxe3 Nf5+ 39. Kf4 Nxh4
40. Nd7+ Ke7 41. Nc5 b6 42. Nd3 Kf6 43. Nb4 Ng6+ 44. Ke4 Ne7 45. a4 h5 46. Nd3
g5 47. b4 h4 48. Nf2 Nc6 49. b5 Ne5 50. Nh3 g4 51. Nf4 h3 52. Nh5+ Kg5 53. Ng3
Nc4 54. Kd4 Nb2 55. Kd5 Nxa4 56. Kc6 Nc3 0-1

[Event "World Blitz Women 2022"]
[Site "Almaty KAZ"]
[Date "2022.12.29"]
[Round "1.2"]
[White "Eric, Jovana"]
[Black "Tan, Zhongyi"]
[Result "0-1"]
[WhiteTitle "WGM"]
[BlackTitle "GM"]
[WhiteElo "2236"]
[BlackElo "2518"]
[WhiteFideId "938238"]
[BlackFideId "8603642"]
[EventDate "2022.12.29"]

1. e4 c5 2. Nf3 d6 3. d4 cxd4 4. Nxd4 Nf6 5. Nc3 g6 6. Be3 Bg7 7. f3 O-O 8. Qd2
Nc6 9. g4 Be6 10. O-O-O Nxd4 11. Bxd4 Qa5 12. a3 Rfb8 13. h4 b5 14. Nd5 Qxd2+
15. Rxd2 Bxd5 16. exd5 b4 17. axb4 Rxb4 18. Bc3 Rb7 19. Be2 a5 20. h5 Bh6 21.
hxg6 Bxd2+ 22. Kxd2 fxg6 23. Bc4 a4 24. Re1 a3 25. bxa3 Rxa3 26. Bb3 Ra8 27. Re6
Rf8 28. Re2 Rf7 29. Bd4 Nd7 30. Re3 Rc7 31. Ba4 Nc5 32. Bb5 Rf4 33. Bc3 Na4 34.
Bc6 Nxc3 35. Kxc3 e5 36. Kd3 Rd4+ 37. Ke2 Rc4 38. Kd3 Rf4 39. c3 Ra7 40. Bb5 Ra1
41. Ke2 Ra2+ 42. Kf1 Rb2 43. Be2 Ra4 44. c4 Rc2 45. Re4 Ra1+ 46. Kf2 Raa2 47.
Kf1 g5 48. Re3 Kg7 49. Ke1 Rc1+ 50. Kf2 Rxc4 51. Ke1 Rc1+ 52. Kf2 Rcc2 53. Re4
Kf6 54. Kf1 Rd2 55. Bb5 Ra1+ 0-1

[Event "World Blitz Women 2022"]
[Site "Almaty KAZ"]
[Date "2022.12.29"]
[Round "1.3"]
[White "Goryachkina, Aleksandra"]
[Black "Garifullina, Leya"]
[Result "1-0"]
[WhiteTitle "GM"]
[BlackTitle "IM"]
[WhiteElo "2584"]
[BlackElo "2357"]
[WhiteFideId "4147103"]
[BlackFideId "34127035"]
[EventDate "2022.12.29"]

1. Nf3 d5 2. d4 Nf6 3. c4 e6 4. Nc3 Bb4 5. Bg5 h6 6. Bxf6 Qxf6 7. e3 O-O 8. Rc1
dxc4 9. Bxc4 c5 10. O-O cxd4 11. Ne4 Qe7 12. exd4 Nc6 13. a3 Ba5 14. b4 Bb6 15.
Rc3 Rd8 16. Rd3 Bd7 17. Nc5 Be8 18. Re1 Bxc5 19. dxc5 b6 20. cxb6 axb6 21. Rxd8
Rxd8 22. Qb3 Nd4 23. Nxd4 Rxd4 24. h3 Qc7 25. Bf1 b5 26. Rd1 Rxd1 27. Qxd1 Bd7
28. Qd2 Kf8 29. Qe3 Ke7 30. Qd4 Kf8 31. a4 bxa4 32. b5 Qb7 33. Qxa4 Qb6 34. g3
Ke7 35. Qa3+ Ke8 36. Qa6 Qxa6 37. bxa6 Bc6 38. Bg2 Kd7 39. a7 1-0

[Event "World Blitz Women 2022"]
[Site "Almaty KAZ"]
[Date "2022.12.29"]
[Round "1.4"]
[White "Nakhbayeva, Guliskhan"]
[Black "Koneru, Humpy"]
[Result "1-0"]
[WhiteTitle "IM"]
[BlackTitle "GM"]
[WhiteElo "2326"]
[BlackElo "2572"]
[WhiteFideId "13704788"]
[BlackFideId "5008123"]
[EventDate "2022.12.29"]

1. d4 Nf6 2. c4 e6 3. Nc3 Bb4 4. e3 b6 5. Bd3 Bb7 6. Nf3 O-O 7. O-O Bxc3 8. bxc3
c5 9. Nd2 Nc6 10. Rb1 d6 11. Qe2 Rc8 12. Bb2 Nd7 13. f4 cxd4 14. cxd4 Nb4 15.
Ba3 Nxd3 16. Qxd3 Qc7 17. Rbc1 Rfe8 18. e4 e5 19. fxe5 dxe5 20. d5 Nc5 21. Qf3
Rcd8 22. Bb2 Bc8 23. Kh1 f6 24. Ba1 Rf8 25. Rc3 f5 26. exf5 Rxf5 27. Qd1 Rdf8
28. Rcf3 h6 29. Rxf5 Rxf5 30. Rxf5 Bxf5 31. Qh5 Qf7 32. Qxf7+ Kxf7 33. Bxe5 a6
34. Bc7 b5 35. Bb6 Na4 36. c5 Ke7 37. Ba7 Kd7 38. c6+ Kc7 39. Nb3 Be4 40. Bd4
Bxd5 41. Bxg7 h5 42. Kg1 Kxc6 43. Kf2 Bxb3 44. axb3 Nc5 45. Kg3 Nxb3 46. Kh4 a5
47. Kxh5 a4 48. Bf8 Nc5 49. g4 a3 50. g5 a2 51. Bg7 Ne6 52. Ba1 Kd5 53. g6 Kc4
54. Kg4 b4 55. h4 b3 56. h5 Kd3 57. h6 Kc2 58. h7 b2 59. Bxb2 Kxb2 60. h8=Q+ Kb1
61. Qb8+ Kc1 62. Qc8+ Kb1 63. Qb7+ Kc1 64. Qc6+ Kb1 65. Qb5+ Kc1 66. Qc4+ Kb1
67. Qb3+ Ka1 68. Qxe6 1-0

[Event "World Blitz Women 2022"]
[Site "Almaty KAZ"]
[Date "2022.12.29"]
[Round "1.5"]
[White "Kosteniuk, Alexandra"]
[Black "Kovanova, Baira"]
[Result "0-1"]
[WhiteTitle "GM"]
[BlackTitle "WGM"]
[WhiteElo "2520"]
[BlackElo "2317"]
[WhiteFideId "4128125"]
[BlackFideId "4164083"]
[EventDate "2022.12.29"]

1. e4 e5 2. Nf3 Nc6 3. Bc4 Nf6 4. d3 h6 5. Nc3 d6 6. a4 Be7 7. d4 Bg4 8. d5 Nd4
9. Be2 Nxe2 10. Qxe2 c5 11. h3 Bxf3 12. Qxf3 Qd7 13. Bd2 Nh7 14. h4 a6 15. a5
Nf6 16. Ra3 O-O 17. Na4 Bd8 18. Rh3 Ng4 19. h5 f5 20. exf5 Qxf5 21. Qxf5 Rxf5
22. f3 Nf6 23. g4 Rf4 24. Bxf4 exf4 25. Nc3 Bc7 26. Rh2 Nd7 27. Ra4 Rf8 28. Re2
Ne5 29. Kf2 Bd8 30. Ne4 Bc7 31. b3 Rf7 32. Re1 Rd7 33. Rg1 Bd8 34. g5 hxg5 35.
Nxg5 Bxg5 36. Rxg5 Rf7 37. h6 g6 38. Ra1 Kh7 39. Rh1 Nd7 40. c3 Ne5 41. Rd1 c4
42. Rxe5 dxe5 43. bxc4 Kxh6 44. d6 Rd7 45. Rd5 Kg7 46. c5 Kf6 47. Rd1 Ke6 48. c4
Rh7 49. Kg2 g5 50. Rb1 Rd7 51. Rb6 Kf5 52. Rb2 g4 53. fxg4+ Kxg4 54. Rb3 e4 55.
Rb1 e3 56. c6 bxc6 57. c5 f3+ 58. Kg1 Kg3 59. Rb3 e2 60. Re3 Rf7 0-1

[Event "World Blitz Women 2022"]
[Site "Almaty KAZ"]
[Date "2022.12.29"]
[Round "1.6"]
[White "Gong, Qianyun"]
[Black "Khademalsharieh, Sarasadat"]
[Result "1-0"]
[WhiteTitle "WGM"]
[BlackTitle "IM"]
[WhiteElo "2299"]
[BlackElo "2490"]
[WhiteFideId "8602425"]
[BlackFideId "12512214"]
[EventDate "2022.12.29"]

1. e4 e5 2. Nf3 Nc6 3. Bc4 Bc5 4. c3 Nf6 5. d4 exd4 6. e5 d5 7. Bb5 Ne4 8. cxd4
Bb6 9. Nc3 O-O 10. Be3 Bg4 11. h3 Bh5 12. Qc2 Nxc3 13. Bxc6 Ne4 14. Bxb7 Ba5+
15. Kf1 Rb8 16. Ba6 f6 17. Bd3 fxe5 18. Bxe4 dxe4 19. Nxe5 Qd5 20. Qc4 Bf7 21.
Qxd5 Bxd5 22. Nd7 Rxb2 23. Nxf8 Kxf8 24. Kg1 Bb4 25. Kh2 Bxa2 26. Bf4 c6 27.
Rhc1 a5 28. Rxc6 Bb3 29. Bd6+ Bxd6+ 30. Rxd6 Rxf2 31. Re1 Bc2 32. Ra6 a4 33. Rc6
Rd2 34. d5 Bb3 35. Rxe4 Bxd5 36. Rc8+ Kf7 37. Rf4+ Ke6 38. Rg4 a3 39. Rc3 a2 40.
Ra3 h5 41. Rxg7 h4 42. Rg6+ Kf7 43. Rg5 Kf6 1-0

[Event "World Blitz Women 2022"]
[Site "Almaty KAZ"]
[Date "2022.12.29"]
[Round "1.7"]
[White "Stefanova, Antoaneta"]
[Black "Lhotska, Anna"]
[Result "1-0"]
[WhiteTitle "GM"]
[BlackTitle "WFM"]
[WhiteElo "2442"]
[BlackElo "2159"]
[WhiteFideId "2902257"]
[BlackFideId "376183"]
[EventDate "2022.12.29"]

1. d4 Nf6 2. Nf3 e6 3. e3 d5 4. Bd3 c5 5. b3 Nc6 6. O-O Bd6 7. dxc5 Bxc5 8. Bb2
O-O 9. a3 b6 10. c4 dxc4 11. bxc4 Bb7 12. Qe2 Rc8 13. Nc3 Qe7 14. Na4 Bd6 15. e4
e5 16. g3 Rfd8 17. Rfd1 Bb8 18. Nc3 Nd4 19. Nxd4 exd4 20. Nd5 Nxd5 21. cxd5 Re8
22. Qg4 Rf8 23. Bxd4 f5 24. exf5 Qf7 25. Be4 Rcd8 26. Bb2 Rfe8 27. Bg2 Bd6 28.
Rd2 Bc5 29. Rad1 Rd6 30. h4 Red8 31. Be5 R6d7 32. d6 Bxg2 33. Kxg2 Bxa3 34. h5
Bb4 35. Qxb4 1-0

[Event "World Blitz Women 2022"]
[Site "Almaty KAZ"]
[Date "2022.12.29"]
[Round "1.8"]
[White "Ovod, Evgenija"]
[Black "Dzagnidze, Nana"]
[Result "0-1"]
[WhiteTitle "IM"]
[BlackTitle "GM"]
[WhiteElo "2323"]
[BlackElo "2517"]
[WhiteFideId "4131827"]
[BlackFideId "13601903"]
[EventDate "2022.12.29"]

1. e4 c5 2. Nf3 e6 3. c3 d5 4. exd5 Qxd5 5. d4 Nf6 6. Na3 Nc6 7. Be3 cxd4 8. Nb5
Qd8 9. Nbxd4 Nxd4 10. Bxd4 Be7 11. Bd3 O-O 12. O-O b6 13. Qc2 h6 14. Rad1 Qe8
15. Be5 Bb7 16. Nd4 Qc8 17. Rfe1 Rd8 18. h3 a6 19. Qb3 b5 20. a4 Bd5 21. Qc2 Qb7
22. axb5 axb5 23. Bf1 Bc4 24. b3 Bxf1 25. Kxf1 Rdc8 26. Re3 Qa6 27. Kg1 Qa5 28.
Rg3 Qb6 29. Qd3 Kf8 30. Bxf6 Bxf6 31. Qh7 b4 32. Nf3 bxc3 33. Rd7 Ke8 34. Ne5
Bxe5 35. Rgd3 Qc5 0-1

[Event "World Blitz Women 2022"]
[Site "Almaty KAZ"]
[Date "2022.12.29"]
[Round "1.9"]
[White "Abdumalik, Zhansaya"]
[Black "Yao, Lan"]
[Result "0-1"]
[WhiteTitle "GM"]
[BlackTitle "WIM"]
[WhiteElo "2496"]
[BlackElo "2271"]
[WhiteFideId "13703544"]
[BlackFideId "8610835"]
[EventDate "2022.12.29"]

1. e4 c5 2. Nc3 a6 3. a4 Nc6 4. Nge2 g6 5. g3 Bg7 6. Bg2 d6 7. d3 e6 8. O-O Nge7
9. Bg5 h6 10. Be3 O-O 11. d4 cxd4 12. Nxd4 Qc7 13. Qd2 Nxd4 14. Bxd4 Nc6 15.
Bxg7 Kxg7 16. Kh1 Rb8 17. f4 b5 18. axb5 axb5 19. Rad1 b4 20. Ne2 Rd8 21. g4 Ba6
22. Rf3 Rd7 23. Rh3 Rh8 24. f5 Bxe2 25. Qxe2 Ne5 26. Rf1 Qc4 27. f6+ Kg8 28. Qd1
d5 29. Qa1 Rd8 30. Qa5 Nc6 31. Qc7 dxe4 32. Re3 Rf8 33. Rxe4 Qxc2 34. Qd6 h5 35.
g5 b3 36. Ra4 Nd8 37. Ra8 Kh7 38. Ra7 Qxb2 39. Rd7 Qc3 40. Qb6 b2 41. Rc7 Qe5
42. Rc5 Qd4 43. Qb5 Rhg8 44. Rc7 e5 45. Qb3 Kh8 46. Rd1 Qf2 47. Rc2 Qf4 48. Qxb2
Qxg5 49. Rf1 Ne6 50. Re2 Rd8 51. Rxe5 Qd2 52. Qb7 Qd7 53. Qe4 Qd4 54. Qe2 Qd3
55. Qe1 Qd2 56. Qh4 Qh6 57. Qe4 Rd4 58. Qe2 Rd2 59. Qc4 Rd4 60. Qa6 Ng5 61. Qb7
Rgd8 62. Re7 Qf8 63. Qb5 Ne6 64. Qb1 R4d7 65. Rxe6 fxe6 66. Qxg6 Qf7 67. Qh6+
Qh7 68. Qe3 Qf7 69. Qe5 Rd2 70. Rg1 Rg8 71. Qf4 Rb2 72. Qe5 Ra2 73. Qf4 Ra5 74.
Qh6+ Qh7 75. Qd2 Rag5 76. Qd4 Qf7 77. Qf4 e5 78. Qf3 R8g6 79. Qa8+ Rg8 80. Qc6
R5g6 81. Qd5 Qxd5 0-1

[Event "World Blitz Women 2022"]
[Site "Almaty KAZ"]
[Date "2022.12.29"]
[Round "1.10"]
[White "Lu, Miaoyi"]
[Black "Harika, Dronavalli"]
[Result "0-1"]
[BlackTitle "GM"]
[WhiteElo "2399"]
[BlackElo "2507"]
[WhiteFideId "8618020"]
[BlackFideId "5015197"]
[EventDate "2022.12.29"]

1. e4 Nc6 2. Nf3 d6 3. d4 Nf6 4. Nc3 g6 5. Be3 Bg7 6. Qd2 e5 7. O-O-O exd4 8.
Nxd4 O-O 9. Nxc6 bxc6 10. e5 Ng4 11. Bg5 Qd7 12. exd6 cxd6 13. h3 Ne5 14. f4 h6
15. Bh4 g5 16. fxe5 gxh4 17. exd6 Rb8 18. Bc4 Qb7 19. Bb3 Be6 20. g3 c5 21. gxh4
c4 22. Rhg1 cxb3 23. Qxh6 f6 24. d7 Rf7 25. d8=Q+ Rxd8 26. Rxd8+ Rf8 27. Rxf8+
Kxf8 28. Qh7 bxa2 29. Nxa2 Bxa2 30. b3 f5 31. Kd2 Qb4+ 32. Ke2 Qe4+ 33. Kd1 Qd4+
34. Ke2 Qxg1 35. Qxf5+ Kg8 36. Qe6+ Kh7 37. Qf5+ Qg6 38. Qc5 Bb1 39. Kd2 Bh6+
40. Kd1 Bg7 41. h5 Qe4 42. Kd2 Qf4+ 43. Kd3 Qf1+ 44. Kd2 Bh6+ 45. Kc3 Qf6+ 46.
Kb4 Bf8 0-1

[Event "World Blitz Women 2022"]
[Site "Almaty KAZ"]
[Date "2022.12.29"]
[Round "1.11"]
[White "Arabidze, Meri"]
[Black "Schulze, Lara"]
[Result "1-0"]
[WhiteTitle "IM"]
[BlackTitle "FM"]
[WhiteElo "2427"]
[BlackElo "2284"]
[WhiteFideId "13604040"]
[BlackFideId "12956830"]
[EventDate "2022.12.29"]

1. d4 d5 2. c4 e6 3. Nc3 a6 4. cxd5 exd5 5. Nf3 Nf6 6. Bg5 Be6 7. Bxf6 Qxf6 8.
Qb3 Ra7 9. g3 Bd6 10. Bg2 Qd8 11. O-O c6 12. Rac1 O-O 13. Qc2 Nd7 14. a3 a5 15.
Rfe1 Ra8 16. e4 dxe4 17. Nxe4 Be7 18. Ne5 Nf6 19. Nc5 Bxc5 20. dxc5 Bd5 21. Rcd1
Qc7 22. Nc4 Bxc4 23. Qxc4 Rad8 24. h3 h5 25. b4 axb4 26. axb4 Rfe8 27. Rxe8+
Rxe8 28. b5 g6 29. bxc6 bxc6 30. Qd4 Re6 31. Ra1 Qb7 32. Bf3 Kg7 33. Kg2 Kh7 34.
Qd8 Qe7 35. Qxe7 Rxe7 36. Ra6 Re5 37. Rxc6 Ne4 38. Bxe4 Rxe4 39. Rc7 Kg7 40. h4
Kf6 41. c6 Rc4 42. Kf3 Rc2 43. Ke3 Ke6 44. Rc8 Ke7 45. f3 Rc3+ 46. Kf4 Kf6 47.
Ke4 Ke7 48. Rc7+ Ke6 49. Rc8 Ke7 50. c7 Rc1 51. Kf4 Kf6 52. g4 Rc4+ 53. Kg3 Kg7
54. gxh5 gxh5 55. Kf2 Kf6 56. Ke3 Rc1 57. Kd4 Rd1+ 58. Ke4 Re1+ 59. Kf4 Rc1 60.
Ke3 Rc6 61. f4 Rc1 62. Kd2 Rc6 63. Kd3 Rc1 64. Kd4 Rd1+ 65. Kc5 Rc1+ 66. Kd6 Kg7
67. Rb8 Rd1+ 68. Kc6 Rc1+ 69. Kb6 Rb1+ 70. Ka5 Ra1+ 71. Kb4 Rb1+ 72. Ka3 Ra1+
73. Kb2 1-0

[Event "World Blitz Women 2022"]
[Site "Almaty KAZ"]
[Date "2022.12.29"]
[Round "1.12"]
[White "Balabayeva, Xeniya"]
[Black "Assaubayeva, Bibisara"]
[Result "0-1"]
[WhiteTitle "WIM"]
[BlackTitle "IM"]
[WhiteElo "2183"]
[BlackElo "2440"]
[WhiteFideId "13719688"]
[BlackFideId "13708694"]
[EventDate "2022.12.29"]

1. d4 Nf6 2. c4 g6 3. Nc3 Bg7 4. e4 d6 5. h3 O-O 6. Be3 Nbd7 7. g4 c5 8. d5 b5
9. cxb5 a6 10. Qd2 axb5 11. Bxb5 Ba6 12. Bxa6 Rxa6 13. Nf3 Nb6 14. Qe2 Qa8 15.
a3 Na4 16. Nd2 Nxc3 17. bxc3 Rxa3 18. Rxa3 Qxa3 19. c4 Rb8 20. O-O Rb2 21. Qd1
Qd3 22. Qa4 h5 23. gxh5 Rxd2 24. Bxd2 Qxd2 25. hxg6 Qg5+ 26. Kh1 fxg6 27. Qc2
Qf4 28. f3 Nh5 29. Kg1 Bd4+ 30. Kh1 Ng3+ 0-1

[Event "World Blitz Women 2022"]
[Site "Almaty KAZ"]
[Date "2022.12.29"]
[Round "1.14"]
[White "Paramzina, Anastasya"]
[Black "Paehtz, Elisabeth"]
[Result "1/2-1/2"]
[WhiteTitle "WGM"]
[BlackTitle "GM"]
[WhiteElo "2227"]
[BlackElo "2464"]
[WhiteFideId "4165012"]
[BlackFideId "4641833"]
[EventDate "2022.12.29"]

1. e4 c5 2. Nf3 d6 3. d4 cxd4 4. Nxd4 Nf6 5. Nc3 a6 6. Be3 e5 7. Nb3 Be6 8. f3
Be7 9. Qd2 Nbd7 10. O-O-O O-O 11. g4 b5 12. g5 Nh5 13. Kb1 Rc8 14. Nd5 Bxd5 15.
exd5 Qe8 16. Na5 Bd8 17. Nc6 Bb6 18. Bd3 Bxe3 19. Qxe3 g6 20. c3 Nc5 21. Bc2 Qd7
22. h4 Rfe8 23. Rhe1 Nf4 24. Be4 Na4 25. Rh1 Nh5 26. Bc2 Nc5 27. Bd3 Qc7 28. Bf1
Na4 29. Bh3 Ra8 30. Bg4 Nf4 31. h5 Qb6 32. Qd2 Qc7 33. Qh2 Nb6 34. Nb4 a5 35.
Nd3 Nbxd5 36. Nxf4 Nxf4 37. hxg6 fxg6 38. Bh3 b4 39. cxb4 axb4 40. Bf1 d5 41.
Qd2 Qa5 42. b3 Re7 43. Rh4 Rea7 44. Rh2 Qc5 45. Rc1 Qe7 46. Rh4 Rxa2 47. Qxa2
Rxa2 48. Kxa2 Qa7+ 49. Kb1 Kg7 50. Bb5 Ne6 51. Rh2 Nxg5 52. Rhc2 Qe3 53. Rc7+
Kf6 54. Ba4 Ne6 55. R7c6 Qd3+ 56. Kb2 Qd4+ 57. Kb1 Qd3+ 58. Kb2 Qe2+ 59. R1c2
Qe3 60. Rd6 Qd4+ 61. Kb1 Qd1+ 62. Kb2 Ke7 63. Rd7+ Kf6 64. Rd6 Qd4+ 65. Kb1 Ke7
66. Rd7+ Kf6 67. Rd6 Qd1+ 68. Kb2 Qd4+ 69. Kb1 Kf5 70. Bd7 Kf4 71. Rxe6 Qd1+ 72.
Kb2 Qd4+ 73. Kb1 Qd3 74. Rf6+ Kg5 75. Re6 Qxb3+ 76. Kc1 Qe3+ 77. Kb1 b3 78. Rg2+
Kh4 79. Re7 Qd3+ 80. Kb2 h5 81. Rg7 d4 82. R7xg6 Qc3+ 83. Kb1 Qd3+ 84. Kb2 Qc3+
85. Kb1 Qd3+ 86. Kb2 Qc3+ 1/2-1/2

[Event "World Blitz Women 2022"]
[Site "Almaty KAZ"]
[Date "2022.12.29"]
[Round "1.15"]
[White "Ushenina, Anna"]
[Black "Munkhzul, Turmunkh"]
[Result "1-0"]
[WhiteTitle "GM"]
[BlackTitle "WIM"]
[WhiteElo "2454"]
[BlackElo "2318"]
[WhiteFideId "14110911"]
[BlackFideId "4901878"]
[EventDate "2022.12.29"]

1. d4 Nf6 2. Nf3 g6 3. e3 Bg7 4. Be2 O-O 5. b4 d6 6. Bb2 c6 7. O-O Qc7 8. c4 Rd8
9. Qb3 a5 10. a3 Ne4 11. Nc3 Nxc3 12. Bxc3 a4 13. Qb2 Nd7 14. h3 b6 15. Rfd1 Nf6
16. d5 Bb7 17. Rac1 Rac8 18. dxc6 Bxc6 19. Nd2 Qb7 20. Bf1 Ne8 21. Bxg7 Nxg7 22.
Rc2 Nf5 23. Rdc1 Nh4 24. f3 e5 25. b5 Bd7 26. Qb4 Nf5 27. Rc3 Ra8 28. Ne4 Be6
29. Rd1 Qc7 30. Rcd3 Kg7 31. Nxd6 Rxd6 32. Rxd6 Nxd6 33. Qxd6 Rc8 34. Qxc7 Rxc7
35. Kf2 Rc5 36. Rd6 Bxc4 37. Rxb6 Bxf1 38. Kxf1 Rc3 39. Ra6 Rxa3 40. b6 Rxe3 41.
Rxa4 Rb3 42. Ra6 Rb2 43. g4 h6 44. Ke1 Kf6 45. Kd1 Kg5 46. Kc1 Rb5 47. Kc2 Kf4
48. Kc3 Kxf3 49. Kc4 Rb1 50. Ra3+ Kf2 51. Rb3 Rc1+ 52. Kd5 Rc8 53. b7 Rb8 54.
Kxe5 Kg2 55. Kf6 h5 56. g5 h4 57. Kxf7 Kh2 58. Kxg6 Kg2 59. Kf7 1-0

[Event "World Blitz Women 2022"]
[Site "Almaty KAZ"]
[Date "2022.12.29"]
[Round "1.16"]
[White "Enkhtuul, Altan-Ulzii"]
[Black "Khotenashvili, Bela"]
[Result "1-0"]
[WhiteTitle "WGM"]
[BlackTitle "GM"]
[WhiteElo "2285"]
[BlackElo "2485"]
[WhiteFideId "4901444"]
[BlackFideId "13602640"]
[EventDate "2022.12.29"]

1. d4 g6 2. Nc3 Bg7 3. Bf4 d6 4. Qd2 Nd7 5. O-O-O c6 6. e4 b5 7. e5 b4 8. Ne4 d5
9. Ng3 a5 10. Nf3 e6 11. h4 h6 12. Kb1 Ne7 13. h5 g5 14. Be3 Qc7 15. c4 bxc3 16.
Qxc3 Ba6 17. Rc1 c5 18. dxc5 Nc6 19. Bxa6 Rxa6 20. Qd3 Ra8 21. Bd4 Rb8 22. Ka1
Nxd4 23. Nxd4 Nxe5 24. Qd1 O-O 25. Nge2 Nc4 26. Rc2 a4 27. c6 a3 28. b3 Nd6 29.
Kb1 Rb4 30. Qd3 Rfb8 31. Rhc1 e5 32. Nf5 Nxf5 33. Qxf5 d4 34. Qd7 Rc8 35. Qxc7
Rxc7 36. Rc4 Rb6 37. Ng3 Kf8 38. Nf5 f6 39. f3 Kf7 40. Nd6+ Ke6 41. Ne8 Rc8 42.
Nxg7+ Kd5 43. Nf5 Rbxc6 44. Ne7+ Ke6 45. Rxc6+ Rxc6 46. Nxc6 1-0

[Event "World Blitz Women 2022"]
[Site "Almaty KAZ"]
[Date "2022.12.29"]
[Round "1.17"]
[White "Mammadzada, Gunay"]
[Black "Foudzi, Siti Zulaikha"]
[Result "1-0"]
[WhiteTitle "IM"]
[BlackTitle "WIM"]
[WhiteElo "2472"]
[BlackElo "2136"]
[WhiteFideId "13403729"]
[BlackFideId "5700965"]
[EventDate "2022.12.29"]

1. e4 g6 2. d4 Bg7 3. Nc3 c6 4. f4 d5 5. e5 f6 6. Be3 Nh6 7. Nf3 Bg4 8. h3 Bxf3
9. Qxf3 O-O 10. exf6 exf6 11. Bd3 f5 12. O-O-O b5 13. g4 Qa5 14. Kb1 b4 15. Ne2
Nd7 16. gxf5 Nxf5 17. Bf2 Rae8 18. h4 Nb6 19. h5 Nc4 20. hxg6 hxg6 21. Nc1 Qd8
22. Nb3 Ncd6 23. Rdg1 Qf6 24. Rg2 a5 25. Rhg1 Re6 26. Nc5 Nxd4 27. Bxd4 Qxd4 28.
Na4 Ne4 29. Qh3 Ref6 30. Bxe4 dxe4 31. Qb3+ Qd5 32. Qe3 Rxf4 33. Rc1 Rf1 34.
Rxg6 Rxc1+ 35. Qxc1 Qf5 36. Rg1 Qf4 37. Qd1 e3 38. Nc5 Qd4 39. Qxd4 Rf1+ 40.
Rxf1 Bxd4 41. Nd3 c5 42. b3 Bc3 43. Rf3 e2 44. Re3 1-0

[Event "World Blitz Women 2022"]
[Site "Almaty KAZ"]
[Date "2022.12.29"]
[Round "1.18"]
[White "Tereladze, Sopio"]
[Black "Gunina, Valentina"]
[Result "0-1"]
[WhiteTitle "WIM"]
[BlackTitle "GM"]
[WhiteElo "2215"]
[BlackElo "2476"]
[WhiteFideId "13600486"]
[BlackFideId "4167570"]
[EventDate "2022.12.29"]

1. Nf3 d5 2. b3 Nf6 3. Bb2 c6 4. e3 Bg4 5. h3 Bh5 6. Be2 Nbd7 7. O-O e6 8. Ne5
Bxe2 9. Qxe2 Bd6 10. Nxd7 Qxd7 11. d3 e5 12. Nd2 O-O 13. e4 Rae8 14. Nf3 Nh5 15.
Bc1 f5 16. exf5 Qxf5 17. Nh4 Nf4 18. Qg4 Qxg4 19. hxg4 Ne2+ 20. Kh1 Ng3+ 21. Kg1
Nxf1 22. Kxf1 Bc5 23. f3 e4 24. dxe4 dxe4 25. Bd2 Rd8 26. Bc3 g6 27. Re1 Be7 0-1

[Event "World Blitz Women 2022"]
[Site "Almaty KAZ"]
[Date "2022.12.29"]
[Round "1.19"]
[White "Batsiashvili, Nino"]
[Black "Nurmanova, Alua"]
[Result "1-0"]
[WhiteTitle "GM"]
[BlackTitle "WIM"]
[WhiteElo "2493"]
[BlackElo "2191"]
[WhiteFideId "13602993"]
[BlackFideId "13729390"]
[EventDate "2022.12.29"]

1. d4 Nf6 2. Nf3 g6 3. Bf4 Bg7 4. e3 d6 5. h3 c5 6. c3 O-O 7. Be2 Nbd7 8. O-O
Re8 9. Bh2 b6 10. Nbd2 Bb7 11. a4 a6 12. Qb3 h6 13. Rfd1 Qc7 14. Rac1 Rac8 15.
Bc4 Rf8 16. d5 b5 17. axb5 axb5 18. Qxb5 Bxd5 19. Bxd5 Nxd5 20. e4 N5f6 21. Qe2
Qb7 22. e5 dxe5 23. Nxe5 Nxe5 24. Bxe5 Qxb2 25. Rb1 Qc2 26. Rdc1 Qf5 27. Rb7
Rfe8 28. Nf3 Qe4 29. Qb5 c4 30. Re1 Qd5 31. Qb4 Bf8 32. Rb5 Qc6 33. Rb6 Qc5 34.
Qxc5 Rxc5 35. Bxf6 e6 36. Nd4 Ra8 37. Reb1 Rca5 38. Rb8 Kh7 39. Rxa8 Rxa8 40.
Be5 g5 41. Rb7 Kg6 42. Rc7 f6 43. Bg3 e5 44. Ne6 Ba3 45. Rxc4 h5 46. h4 g4 47.
Rc6 Kf5 48. Nc5 Rd8 49. Nb3 Rd1+ 50. Kh2 Rb1 51. Nd2 Rd1 52. Nc4 Bc1 53. Ne3+
Kg6 54. Bxe5 1-0

[Event "World Blitz Women 2022"]
[Site "Almaty KAZ"]
[Date "2022.12.29"]
[Round "1.20"]
[White "Kurmangaliyeva, Liya"]
[Black "Javakhishvili, Lela"]
[Result "0-1"]
[WhiteTitle "FM"]
[BlackTitle "IM"]
[WhiteElo "2287"]
[BlackElo "2440"]
[WhiteFideId "13725831"]
[BlackFideId "13601458"]
[EventDate "2022.12.29"]

1. e4 c5 2. Nf3 a6 3. c4 Nc6 4. d4 cxd4 5. Nxd4 Nf6 6. Nc3 e5 7. Nf5 d5 8. cxd5
Bxf5 9. exf5 Nd4 10. Bc4 Nxf5 11. O-O Nd6 12. Bb3 Be7 13. Re1 Nd7 14. Qg4 O-O
15. Bh6 Bf6 16. Bc2 Re8 17. Rad1 g6 18. g3 Bg7 19. Bg5 f6 20. Bc1 b5 21. a3 f5
22. Qe2 Nf6 23. Qf3 e4 24. Qe2 Ng4 25. Bf4 Be5 26. Qd2 Bxf4 27. Qxf4 Ne5 28. Kg2
Nf3 29. Re2 g5 30. Qc1 Qf6 31. Rf1 h5 32. Rh1 h4 33. h3 hxg3 34. fxg3 Rac8 35.
Re3 Nc4 36. Re2 Nxb2 37. Qxb2 Qxc3 38. Qc1 Qf6 39. Qe3 Nd4 40. Bd1 Nxe2 41. Bxe2
Rc3 42. Qd2 Rec8 43. Rf1 Rc2 44. Qd1 R8c3 45. Rf2 Qe5 46. Kf1 Qxg3 47. Rg2 Qf4+
48. Kg1 Qe3+ 49. Kh2 Qxh3+ 50. Kg1 Rg3 51. Rxg3 Qxg3+ 52. Kh1 Qh3+ 53. Kg1 Qe3+ 0-1